[Event "Dutch League 2023-24"]
[Site "Netherlands NED"]
[Date "2023.11.04"]
[Round "3.10"]
[White "Van der Hagen, Loek"]
[Black "Victor, Julian"]
[Result "1-0"]
[WhiteTitle "FM"]
[BlackTitle "FM"]
[WhiteElo "2346"]
[BlackElo "2304"]
[WhiteTeam "Groninger Combinatie"]
[BlackTeam "HMC Den Bosch"]
[WhiteFideId "1052853"]
[BlackFideId "257257"]
[EventDate "2023.09.16"]
[EventType "team"]

1. e4 c6 2. Nc3 d5 3. Nf3 dxe4 4. Nxe4 Nf6 5. Qe2 Nxe4 6. Qxe4 Nd7 7. Bc4 Nf6 8.
Ne5 e6 9. Qe2 b5 10. Bd3 Qc7 11. a4 b4 12. Nxc6 a6 13. Ne5 Bd6 14. Nc4 Bb7 15.
Nxd6+ Qxd6 16. O-O h5 17. f3 h4 18. Qe3 b3 19. c3 Nd5 20. Qd4 Qc7 21. Be4 Rd8
22. Qxg7 Rh5 23. d4 Qe7 24. c4 Nb6 25. Bxb7 Qxb7 26. Qg8+ 1-0

[Event "Dutch League 2023-24"]
[Site "Netherlands NED"]
[Date "2023.11.04"]
[Round "3.1"]
[White "De Winter, Arthur"]
[Black "Keetman, Maaike"]
[Result "1/2-1/2"]
[WhiteTitle "IM"]
[BlackTitle "WFM"]
[WhiteElo "2413"]
[BlackElo "2118"]
[WhiteTeam "Zukertort Amstelveen"]
[BlackTeam "De Waagtoren"]
[WhiteFideId "1069020"]
[BlackFideId "1033697"]
[EventDate "2023.09.16"]
[EventType "team"]

1. e4 c5 2. Nf3 d6 3. d4 cxd4 4. Nxd4 Nf6 5. Nc3 Nc6 6. Bg5 e6 7. Qd2 a6 8.
O-O-O Bd7 9. Kb1 Be7 10. Nxc6 Bxc6 11. f3 Qc7 12. h4 O-O-O 13. Ne2 h6 14. Be3 d5
15. e5 Nd7 16. f4 Bb5 17. Nd4 Bxf1 18. Rdxf1 Bc5 19. Rh3 h5 20. Bg1 Kb8 21. Rc3
Bb4 22. Rxc7 Bxd2 23. Rxd7 Rxd7 24. c3 f6 25. Nb3 Bxf4 26. Nc5 Re7 27. Rxf4 fxe5
28. Rf1 e4 29. Bh2+ Ka7 30. Bd6 Ree8 31. Rf7 Kb6 32. b4 Kb5 33. Rxb7+ Kc4 34.
Kc2 e3 35. Nd7 d4 36. Nb6+ Kb5 37. c4+ Kc6 38. Rd7 Kxb6 39. Be5 Rhf8 40. a4 Rf2+
41. Kb3 Rc8 42. b5 axb5 43. axb5 Rxc4 44. Kxc4 Rc2+ 45. Kb3 Rxg2 46. Bxd4+ Kxb5
47. Kc3 Rg4 48. Bxe3 Rxh4 49. Rxg7 Kc6 50. Kd3 e5 51. Bf2 Rf4 52. Ke3 Kd5 53.
Rg5 Re4+ 54. Kf3 Rf4+ 55. Ke2 Re4+ 56. Kf1 h4 57. Rh5 Rf4 58. Ke2 Re4+ 59. Kf3
Rf4+ 60. Kg2 Ke4 61. Bxh4 Rf5 62. Rh8 Ke3 63. Ra8 e4 64. Ra3+ Kd2 65. Bf2 Rg5+
66. Kf1 Rb5 67. Be3+ Kc2 68. Ke2 Rh5 69. Ra4 Rh4 70. Rc4+ Kb3 71. Rc8 Rg4 72.
Bd4 Rh4 73. Ke3 Rg4 74. Be5 Rh4 75. Bf4 Rh3+ 76. Kxe4 Rc3 77. Rb8+ Kc4 78. Bd6
Rb3 79. Rc8+ Kb5 80. Kd4 Rh3 81. Be5 Rh1 82. Kd5 Rh5 83. Rb8+ Ka5 84. Rb1 Rg5
85. Kd6 Ka4 86. Bd4 Rb5 87. Rh1 Kb3 88. Bc5 Kc4 89. Rh4+ Kd3 90. Kd5 Ra5 91. Rh2
Rb5 92. Rh3+ Ke2 93. Kd4 Rb8 94. Bd6 Rd8 95. Rh6 Ra8 96. Rf6 Ra4+ 97. Kd5 Ra5+
98. Bc5 Kd3 99. Rf2 Rb5 100. Ra2 Rb8 101. Ra3+ Ke2 102. Bd4 Rd8+ 103. Ke4 Re8+
104. Be5 Re7 105. Ra2+ Ke1 106. Kd4 Kf1 107. Bf4 Re2 108. Ra3 Kg2 109. Be3 Kf3
110. Rc3 Kg4 111. Ke4 Ra2 112. Rc8 Ra4+ 113. Bd4 Rb4 114. Rg8+ Kh4 115. Rg1 Ra4
116. Rb1 Kg4 117. Ke5 Ra5+ 118. Ke6 Ra6+ 119. Bb6 Kf3 120. Kf5 Ra8 121. Rb3+ Ke2
122. Bd4 Rf8+ 123. Ke4 Re8+ 124. Be5 Re7 125. Rb2+ Ke1 126. Ra2 Re8 1/2-1/2

[Event "Dutch League 2023-24"]
[Site "Netherlands NED"]
[Date "2023.11.04"]
[Round "3.2"]
[White "Reinderman, Dimitri"]
[Black "Strating, Sybolt"]
[Result "1-0"]
[WhiteTitle "GM"]
[BlackTitle "FM"]
[WhiteElo "2573"]
[BlackElo "2313"]
[WhiteTeam "De Waagtoren"]
[BlackTeam "Zukertort Amstelveen"]
[WhiteFideId "1001302"]
[BlackFideId "1002694"]
[EventDate "2023.09.16"]
[EventType "team"]

1. e4 c6 2. d4 d5 3. e5 Bf5 4. h4 h5 5. Bd3 Bxd3 6. Qxd3 e6 7. Bg5 Qb6 8. Nd2 c5
9. c4 Nc6 10. Ngf3 cxd4 11. O-O Nge7 12. a3 Qxb2 13. Rfc1 Qb6 14. cxd5 Nxd5 15.
Rab1 Qc7 16. Nxd4 Qxe5 17. Nxe6 Bd6 18. Nxg7+ Kf8 19. Nf3 Qxg7 20. Qxd5 Bxa3 21.
Rc4 Re8 22. Rxb7 Ne7 23. Qd3 Qa1+ 24. Rb1 Qa2 25. Ra4 1-0

[Event "Dutch League 2023-24"]
[Site "Netherlands NED"]
[Date "2023.11.04"]
[Round "3.3"]
[White "Van Gisbergen, Stan"]
[Black "De Rover, Yong Hoon"]
[Result "1/2-1/2"]
[WhiteTitle "FM"]
[BlackTitle "IM"]
[WhiteElo "2262"]
[BlackElo "2317"]
[WhiteTeam "Zukertort Amstelveen"]
[BlackTeam "De Waagtoren"]
[WhiteFideId "1002066"]
[BlackFideId "1010298"]
[EventDate "2023.09.16"]
[EventType "team"]

1. d4 Nf6 2. c4 e6 3. Nf3 b6 4. g3 Ba6 5. b3 Bb4+ 6. Bd2 Be7 7. Bg2 c6 8. O-O d5
9. Ne5 Nfd7 10. Nxd7 Nxd7 11. Bc3 O-O 12. Nd2 Rc8 13. Re1 c5 14. cxd5 exd5 15.
Rc1 cxd4 16. Bxd4 Nc5 17. Nf3 1/2-1/2

[Event "Dutch League 2023-24"]
[Site "Netherlands NED"]
[Date "2023.11.04"]
[Round "3.4"]
[White "Van Tellingen, Frank"]
[Black "Ris, Robert"]
[Result "0-1"]
[WhiteTitle "FM"]
[BlackTitle "IM"]
[WhiteElo "2275"]
[BlackElo "2437"]
[WhiteTeam "De Waagtoren"]
[BlackTeam "Zukertort Amstelveen"]
[WhiteFideId "1011421"]
[BlackFideId "1011480"]
[EventDate "2023.09.16"]
[EventType "team"]

1. e4 c5 2. Nf3 Nc6 3. d4 cxd4 4. Nxd4 Nf6 5. Nc3 e5 6. Ndb5 d6 7. Bg5 a6 8. Na3
Be6 9. Nc4 Rb8 10. a4 Nb4 11. Ne3 Rc8 12. g3 Be7 13. Bxf6 Bxf6 14. h4 O-O 15.
Bg2 g6 16. Qd2 Bg7 17. Ncd5 Nxd5 18. exd5 Bd7 19. Qb4 f5 20. Nc4 e4 21. c3 Rc5
22. Nb6 a5 23. Qb3 Bb5 24. axb5 Qxb6 25. c4 Bd4 26. O-O Rc7 27. Rac1 e3 28. fxe3
Bxe3+ 29. Kh1 Bxc1 30. Rxc1 Re8 31. Rc3 Re1+ 32. Kh2 Qg1+ 33. Kh3 Re2 0-1

[Event "Dutch League 2023-24"]
[Site "Netherlands NED"]
[Date "2023.11.04"]
[Round "3.5"]
[White "Peelen, Piet"]
[Black "Van Liempt, Michael"]
[Result "1-0"]
[WhiteTitle "IM"]
[WhiteElo "2343"]
[BlackElo "2126"]
[WhiteTeam "Zukertort Amstelveen"]
[BlackTeam "De Waagtoren"]
[WhiteFideId "1000403"]
[BlackFideId "1012665"]
[EventDate "2023.09.16"]
[EventType "team"]

1. Nf3 d5 2. g3 g6 3. Bg2 Bg7 4. O-O Nf6 5. d4 O-O 6. Bf4 Na6 7. Qc1 c5 8. Rd1
Qb6 9. Nc3 Bg4 10. Be3 Bxf3 11. Bxf3 Qc6 12. Nxd5 Nxd5 13. c4 cxd4 14. Bxd4 e5
15. Bxd5 Qc7 16. Bc3 Nc5 17. b3 a5 18. Qc2 Rac8 19. Rac1 b6 20. a3 a4 21. bxa4
Qa7 22. a5 bxa5 23. Rb1 a4 24. Rb5 Nb3 25. Qb2 Rc7 26. Bxe5 Bxe5 27. Qxe5 Re7
28. Qf6 Nc5 29. e3 Ne4 30. Qb2 Ng5 31. Kg2 Qa6 32. Rb6 Qc8 33. Qf6 Qh3+ 34. Kg1
Qh5 35. Rd4 Re6 36. Rxe6 fxe6 37. Bxe6+ Nxe6 38. Qxe6+ Kg7 39. Rd7+ Kh6 40. Qe7
Qf3 41. Qxh7+ Kg5 42. Qh4+ Kf5 43. e4+ Ke6 44. Qe7# 1-0

[Event "Dutch League 2023-24"]
[Site "Netherlands NED"]
[Date "2023.11.04"]
[Round "3.6"]
[White "Agter, Frank"]
[Black "Schilstra, Laurens"]
[Result "1-0"]
[WhiteElo "2244"]
[BlackElo "2154"]
[WhiteTeam "De Waagtoren"]
[BlackTeam "Zukertort Amstelveen"]
[WhiteFideId "1017349"]
[BlackFideId "1043218"]
[EventDate "2023.09.16"]
[EventType "team"]

1. c4 c6 2. g3 d5 3. Nf3 Nf6 4. Bg2 dxc4 5. O-O e6 6. Na3 Bxa3 7. bxa3 O-O 8.
Bb2 b5 9. Qc2 h6 10. Rfd1 Qe7 11. d3 cxd3 12. Rxd3 Bb7 13. Rad1 c5 14. Bxf6 gxf6
15. Qd2 Kh7 16. Qe3 Nc6 17. Nh4 Rfd8 18. Bxc6 Rxd3 19. Qxd3+ Kg8 20. Bxb7 Qxb7
21. Qe3 Rc8 22. Qxh6 Qe4 23. Qxf6 c4 24. Rd4 Qxe2 25. Nf3 1-0

[Event "Dutch League 2023-24"]
[Site "Netherlands NED"]
[Date "2023.11.04"]
[Round "3.7"]
[White "Los, Sander"]
[Black "Geerke, Daan"]
[Result "1-0"]
[WhiteTitle "FM"]
[WhiteElo "2282"]
[BlackElo "2071"]
[WhiteTeam "Zukertort Amstelveen"]
[BlackTeam "De Waagtoren"]
[WhiteFideId "1000527"]
[BlackFideId "1304526"]
[EventDate "2023.09.16"]
[EventType "team"]

1. Nf3 Nf6 2. c4 g6 3. g3 Bg7 4. Bg2 O-O 5. Nc3 d5 6. cxd5 Nxd5 7. d4 Nxc3 8.
bxc3 c5 9. O-O Nc6 10. e3 Qa5 11. Qd3 cxd4 12. cxd4 Bf5 13. Qb3 Be4 14. Qxb7
Rab8 15. Qd7 Rfd8 16. Qh3 Bxf3 17. Bxf3 Qc3 18. Bd2 Qxd2 19. Bxc6 Rb2 20. a4 Rc2
21. Qg2 Bh6 22. Qf3 Rc8 23. Bb5 Rb2 24. Rad1 Qa5 25. Rc1 Rxc1 26. Rxc1 Qd2 27.
Rc8+ Kg7 28. Bc4 Qe1+ 29. Kg2 Bxe3 30. Qxf7+ Kh6 31. Qf8+ Kh5 32. Rc5+ Bg5 33.
Rxg5+ Kxg5 34. Qf4+ Kh5 35. Qh4# 1-0

[Event "Dutch League 2023-24"]
[Site "Netherlands NED"]
[Date "2023.11.04"]
[Round "3.8"]
[White "De Ruiter, Danny"]
[Black "Krudde, Fitzgerald"]
[Result "1-0"]
[WhiteTitle "FM"]
[BlackTitle "FM"]
[WhiteElo "2251"]
[BlackElo "2249"]
[WhiteTeam "De Waagtoren"]
[BlackTeam "Zukertort Amstelveen"]
[WhiteFideId "1020650"]
[BlackFideId "1001175"]
[EventDate "2023.09.16"]
[EventType "team"]

1. d4 Nf6 2. c4 e6 3. Nf3 d5 4. g3 Bb4+ 5. Bd2 Bxd2+ 6. Qxd2 O-O 7. Bg2 b6 8.
cxd5 Nxd5 9. O-O Bb7 10. Nc3 Nd7 11. Rfd1 c5 12. dxc5 Nxc5 13. b4 Nd7 14. Nxd5
exd5 15. Nd4 Qf6 16. Rac1 Ne5 17. Rc7 Rab8 18. Qf4 Qxf4 19. gxf4 Ng6 20. e3 Rfc8
21. Rdc1 a5 22. b5 Ne7 23. Bh3 Rxc7 24. Rxc7 Kf8 25. Bd7 Bc8 26. Bxc8 Rxc8 27.
Rb7 g6 28. Rxb6 Rc1+ 29. Kg2 Ra1 30. Rb8+ Kg7 31. b6 Rxa2 32. Re8 1-0

[Event "Dutch League 2023-24"]
[Site "Netherlands NED"]
[Date "2023.11.04"]
[Round "3.9"]
[White "Van der Eijk, Martijn"]
[Black "Bakker, Tycho"]
[Result "1-0"]
[WhiteElo "2232"]
[BlackElo "1940"]
[WhiteTeam "Zukertort Amstelveen"]
[BlackTeam "De Waagtoren"]
[WhiteFideId "1026534"]
[BlackFideId "1077023"]
[EventDate "2023.09.16"]
[EventType "team"]

1. e4 e5 2. Nf3 Nc6 3. Nc3 Nf6 4. d4 exd4 5. Nxd4 Bb4 6. Nxc6 bxc6 7. Bd3 d5 8.
exd5 O-O 9. O-O cxd5 10. h3 h6 11. Qf3 c6 12. Bf4 Bd6 13. Rfe1 Be6 14. Ne2 c5
15. Rad1 Rb8 16. b3 d4 17. Bxd6 Qxd6 18. c3 Bd5 19. Qf4 Qc6 20. Qg3 Nh5 21. Qh2
f5 22. cxd4 f4 23. Nc3 Kh8 24. Nxd5 Qxd5 25. Re5 Qxd4 26. Rxh5 Rfe8 27. g4 c4
28. Be2 Qb2 29. Bxc4 Re4 30. f3 Qxh2+ 31. Kxh2 Re3 32. Kg2 Rb6 33. Rf5 1-0

[Event "Dutch League 2023-24"]
[Site "Netherlands NED"]
[Date "2023.11.04"]
[Round "3.10"]
[White "Nemec, Vjekoslav"]
[Black "Ter Schegget, Bram"]
[Result "1/2-1/2"]
[WhiteTitle "CM"]
[WhiteElo "2266"]
[BlackElo "2157"]
[WhiteTeam "De Waagtoren"]
[BlackTeam "Zukertort Amstelveen"]
[WhiteFideId "14540274"]
[BlackFideId "1019406"]
[EventDate "2023.09.16"]
[EventType "team"]

1. e4 c5 2. Nf3 d6 3. d4 cxd4 4. Nxd4 Nf6 5. f3 g6 6. c4 Bg7 7. Be3 Nc6 8. Qd2
O-O 9. Nc3 Bd7 10. Be2 a6 11. O-O Rb8 12. Nxc6 Bxc6 13. a4 Rc8 14. a5 Bd7 15.
Bb6 Qe8 16. Rae1 Be6 17. Nd5 Bxd5 18. exd5 Nd7 19. Bf2 Qd8 20. b3 f5 21. Be3 Be5
22. f4 Bg7 23. b4 Nf6 24. Bd3 Ng4 25. Bb6 Qd7 26. Re6 Rf7 27. h3 Nf6 28. Rfe1
Nh5 29. Kh2 Kf8 30. c5 dxc5 31. d6 exd6 32. Bc4 Bd4 33. R6e2 d5 34. Ba2 Nf6 35.
Bxc5+ Bxc5 36. bxc5 Rxc5 37. Qd4 Rc8 38. Re6 Kg7 39. Rb6 Rc6 40. Re5 Rxb6 41.
axb6 Qd8 42. Rxd5 Rd7 43. Rxd7+ Qxd7 44. Qe5 h5 45. Be6 Qe7 46. Qc7 Kf8 47. Qb8+
Ne8 48. Bd5 Qd6 49. Qxb7 Qxf4+ 50. Kg1 Qc1+ 51. Kf2 Qd2+ 52. Kg3 Qe3+ 53. Bf3
Qe1+ 54. Kh2 Qe5+ 55. g3 h4 56. Qc6 Qxg3+ 57. Kh1 Qxh3+ 58. Kg1 Qg3+ 59. Kh1 1/2-1/2

[Event "Dutch League 2023-24"]
[Site "Netherlands NED"]
[Date "2023.11.04"]
[Round "3.1"]
[White "Rijnaarts, Sjef"]
[Black "Van der Werf, Mark"]
[Result "1/2-1/2"]
[WhiteTitle "FM"]
[BlackTitle "IM"]
[WhiteElo "2276"]
[BlackElo "2401"]
[WhiteTeam "AMEVO Apeldoorn"]
[BlackTeam "LSG IntelliMagic"]
[WhiteFideId "1014870"]
[BlackFideId "1000470"]
[EventDate "2023.09.16"]
[EventType "team"]

1. e4 e5 2. Nf3 Nc6 3. Bb5 a6 4. Ba4 Nf6 5. O-O Be7 6. Re1 b5 7. Bb3 d6 8. c3
O-O 9. d4 Bg4 10. Be3 d5 11. exd5 exd4 12. Bxd4 Nxd4 13. Qxd4 Bxf3 14. gxf3 Nd7
15. Nd2 Bc5 16. Qg4 Bd6 17. Bc2 g6 18. f4 Nf6 19. Qf3 Nh5 20. Ne4 Nxf4 21. a4
Qh4 22. Nxd6 cxd6 23. Re4 Qg5+ 24. Qg3 Qxg3+ 25. hxg3 Nxd5 26. Rd4 Nb6 27. axb5
axb5 28. Rxa8 Rxa8 29. Rb4 Ra5 30. Bd3 Nc4 31. Bxc4 bxc4 32. Rxc4 Rb5 1/2-1/2

[Event "Dutch League 2023-24"]
[Site "Netherlands NED"]
[Date "2023.11.04"]
[Round "3.2"]
[White "Nikolic, Predrag"]
[Black "Beerdsen, Thomas"]
[Result "1-0"]
[WhiteTitle "GM"]
[BlackTitle "GM"]
[WhiteElo "2535"]
[BlackElo "2504"]
[WhiteTeam "LSG IntelliMagic"]
[BlackTeam "AMEVO Apeldoorn"]
[WhiteFideId "14400014"]
[BlackFideId "1030108"]
[EventDate "2023.09.16"]
[EventType "team"]

1. d4 d5 2. Nf3 Nf6 3. c4 c6 4. cxd5 cxd5 5. Nc3 Nc6 6. Bf4 a6 7. e3 Bf5 8. Bd3
Bxd3 9. Qxd3 e6 10. O-O Bd6 11. Bg5 O-O 12. Rac1 h6 13. Bh4 Be7 14. a3 Nd7 15.
Bg3 Rc8 16. Rfd1 Na5 17. Qe2 Nb3 18. Rc2 Qa5 19. e4 Bxa3 20. Nxd5 exd5 21. bxa3
dxe4 22. Rxc8 Rxc8 23. Qxe4 Qxa3 24. Bf4 Na5 25. Qf5 Qa4 26. Re1 Rf8 27. Bd6 Ra8
28. h3 Nc4 29. Bf4 Qb5 30. Qxb5 axb5 31. Re7 b4 32. Rxd7 b3 33. Rxb7 b2 34. Kh2
Ra1 35. Ne5 b1=Q 36. Rxb1 Rxb1 37. Nxc4 Rb4 38. Ne5 Rxd4 39. Be3 Rd5 40. Nc6 Kh7
41. g4 g6 42. Nd4 Ra5 43. Kg3 Ra1 44. Ne2 Ra5 45. Kf3 Ra1 46. Ng3 Ra5 47. Bd4 h5
48. gxh5 gxh5 49. Ne2 Kg6 50. Nf4+ Kh6 51. h4 Ra3+ 52. Ke4 Ra4 53. Ke5 Ra6 54.
Kf5 Ra4 55. Be3 Kh7 56. Kf6 Kg8 57. Kg5 Ra5+ 58. Kh6 Ra6+ 59. Kxh5 Kg7 60. Bd4+
Kh7 61. Kg5 Ra4 62. Be3 Kg7 63. Nh5+ Kh7 64. Nf6+ Kg7 65. Ne8+ Kf8 66. Nd6 Ra6
67. Nf5 Kg8 68. h5 Kh7 69. Ng3 Kg7 70. Bd4+ Kh7 71. f4 Kg8 72. Ne4 Ra2 73. Nf6+
Kh8 74. Ng4+ Kh7 75. h6 Ra5+ 76. f5 1-0

[Event "Dutch League 2023-24"]
[Site "Netherlands NED"]
[Date "2023.11.04"]
[Round "3.3"]
[White "Van Beek, Lucien"]
[Black "Swinkels, Robin"]
[Result "1-0"]
[WhiteTitle "IM"]
[BlackTitle "GM"]
[WhiteElo "2341"]
[BlackElo "2510"]
[WhiteTeam "AMEVO Apeldoorn"]
[BlackTeam "LSG IntelliMagic"]
[WhiteFideId "1004069"]
[BlackFideId "1010824"]
[EventDate "2023.09.16"]
[EventType "team"]

1. d4 Nf6 2. c4 e6 3. Nc3 d5 4. cxd5 exd5 5. Bf4 c6 6. e3 Bf5 7. Nge2 Qb6 8. Qd2
Nh5 9. Bg5 h6 10. Bh4 Nd7 11. f3 Nhf6 12. g4 Bh7 13. Bg3 a5 14. h4 Be7 15. Nf4
Bd6 16. g5 Ng8 17. e4 dxe4 18. fxe4 O-O-O 19. Bc4 Bxe4 20. Nxe4 Bb4 21. Nc3 Ne5
22. Qe2 Qxd4 23. Nd5 cxd5 24. Bxe5 Qxc4 25. Qxc4+ dxc4 26. Bxg7 Rh7 27. gxh6
Nxh6 28. Bf6 Rd6 29. Bg5 Ng4 30. a3 Bxc3+ 31. bxc3 f6 32. Bf4 Re6+ 33. Kf1 Re4
34. Bd2 Rd7 35. Re1 f5 36. Rxe4 fxe4 37. Ke2 Rd3 38. h5 Rg3 39. h6 Rg2+ 40. Ke1
e3 41. Bxe3 Rb2 42. Rh4 Rb1+ 43. Kd2 Nxh6 44. Rxc4+ Kd7 45. Bxh6 b5 46. Rd4+ Kc6
47. Kc2 Rh1 48. Bf4 Rf1 49. Rd6+ Kc5 50. Rf6 Kc4 51. Rc6+ Kd5 52. Rd6+ Kc5 53.
Rd4 Rf2+ 54. Kd3 Ra2 55. Bc7 a4 56. Bd6+ Kc6 57. Bb4 Rh2 58. Rd6+ Kb7 59. Kd4 1-0

[Event "Dutch League 2023-24"]
[Site "Netherlands NED"]
[Date "2023.11.04"]
[Round "3.4"]
[White "Van Haastert, Edwin"]
[Black "Van Delft, Merijn"]
[Result "1/2-1/2"]
[WhiteTitle "IM"]
[BlackTitle "IM"]
[WhiteElo "2426"]
[BlackElo "2379"]
[WhiteTeam "LSG IntelliMagic"]
[BlackTeam "AMEVO Apeldoorn"]
[WhiteFideId "1003992"]
[BlackFideId "1004670"]
[EventDate "2023.09.16"]
[EventType "team"]

1. e4 c5 2. Nf3 d6 3. d4 cxd4 4. Nxd4 Nf6 5. Nc3 a6 6. Be3 Ng4 7. Bc1 Nf6 8. f3
e6 9. Be3 h5 10. Qd2 Be7 11. O-O-O b5 12. a3 Bb7 13. Kb1 Nbd7 14. Rg1 Rc8 15.
Be2 Ne5 16. h3 h4 17. Qe1 1/2-1/2

[Event "Dutch League 2023-24"]
[Site "Netherlands NED"]
[Date "2023.11.04"]
[Round "3.5"]
[White "Lammens, Tim"]
[Black "Jens, Jelmer"]
[Result "1/2-1/2"]
[WhiteTitle "FM"]
[BlackTitle "IM"]
[WhiteElo "2238"]
[BlackElo "2358"]
[WhiteTeam "AMEVO Apeldoorn"]
[BlackTeam "LSG IntelliMagic"]
[WhiteFideId "1008803"]
[BlackFideId "1007394"]
[EventDate "2023.09.16"]
[EventType "team"]

1. c4 f5 2. Nf3 Nf6 3. Nc3 g6 4. d4 Bg7 5. b4 O-O 6. Bb2 c6 7. e3 d5 8. Qb3 Kh8
9. cxd5 cxd5 10. Bd3 Be6 11. Ne2 Bg8 12. Nf4 Ne4 13. h4 Bf6 14. Ne5 Nd7 15. f3
Nd6 16. Qd1 Nc4 17. Bxc4 dxc4 18. Qc2 Rc8 19. Bc3 Qc7 20. Qb2 Nb6 21. a4 Nd5 22.
Nxd5 Bxd5 23. Qc2 Kg8 24. O-O-O Rcd8 25. h5 Bxe5 26. dxe5 Be6 27. Qf2 g5 28. h6
Rxd1+ 29. Rxd1 Rd8 30. Rxd8+ Qxd8 31. Qg3 g4 32. Bd4 Qe8 33. Qh4 gxf3 34. gxf3
Qg6 35. Qxe7 Qg1+ 36. Kc2 Qf2+ 37. Kc1 Qe1+ 38. Kc2 Qe2+ 39. Kc1 Qe1+ 40. Kc2
Qe2+ 41. Kc1 1/2-1/2

[Event "Dutch League 2023-24"]
[Site "Netherlands NED"]
[Date "2023.11.04"]
[Round "3.6"]
[White "Vogt, Andreas"]
[Black "Kuipers, Stefan"]
[Result "1/2-1/2"]
[WhiteTitle "FM"]
[BlackTitle "IM"]
[WhiteElo "2291"]
[BlackElo "2444"]
[WhiteTeam "LSG IntelliMagic"]
[BlackTeam "AMEVO Apeldoorn"]
[WhiteFideId "4629434"]
[BlackFideId "1018400"]
[EventDate "2023.09.16"]
[EventType "team"]

1. d4 d5 2. c4 e6 3. Nc3 Nf6 4. Bg5 Be7 5. e3 h6 6. Bh4 O-O 7. Nf3 Nbd7 8. Rc1
dxc4 9. Bxc4 a6 10. a4 c5 11. O-O cxd4 12. Nxd4 Ne5 13. Be2 Qb6 14. Bg3 Nc6 15.
Qb3 Qxb3 16. Nxb3 e5 17. Bc4 Rd8 18. Rfd1 Be6 19. Bxe6 fxe6 20. Nd2 Bb4 21. Nde4
Nxe4 22. Nxe4 Rd5 23. Kf1 Rad8 24. Ke2 Kf7 25. h4 h5 26. f3 Be7 27. Be1 Ke8 28.
Nc3 Rc5 29. Ne4 Rcd5 30. Nc3 Rc5 31. Ne4 1/2-1/2

[Event "Dutch League 2023-24"]
[Site "Netherlands NED"]
[Date "2023.11.04"]
[Round "3.7"]
[White "Meurs, Tom"]
[Black "Willemze, Thomas"]
[Result "0-1"]
[BlackTitle "IM"]
[WhiteElo "2249"]
[BlackElo "2317"]
[WhiteTeam "AMEVO Apeldoorn"]
[BlackTeam "LSG IntelliMagic"]
[WhiteFideId "1021176"]
[BlackFideId "1007238"]
[EventDate "2023.09.16"]
[EventType "team"]

1. e4 c6 2. d4 d5 3. e5 c5 4. Nf3 Bg4 5. dxc5 Nc6 6. Bb5 Qa5+ 7. Nc3 e6 8. h3
Bxf3 9. Qxf3 Bxc5 10. Bd2 Qc7 11. O-O-O Ne7 12. Qh5 a6 13. Bxc6+ Qxc6 14. Rhe1
Rc8 15. Kb1 O-O 16. Re2 b5 17. Rc1 b4 18. Nd1 Qb5 19. Bg5 Rc7 20. Rd2 Ng6 21.
Qe2 h6 22. Be3 Bxe3 23. Qxe3 Rc4 24. f3 Qb8 25. b3 Rc6 26. f4 Rfc8 27. Nb2 Ne7
28. g4 Rc3 29. Nd3 a5 30. f5 exf5 31. e6 f6 32. gxf5 Nxf5 33. Qf3 Nd4 34. Qxd5
Rd8 35. Qxa5 Nxe6 36. Re2 Nd4 37. Re7 Nc6 38. Rxg7+ Kxg7 39. Rg1+ Kf8 40. Qh5
Rdxd3 41. Qxh6+ Kf7 42. Qg7+ Ke6 43. Qg4+ Kd5 44. cxd3 Kc5 45. Rf1 Qh2 46. Qf5+
Qe5 47. Qxf6 Qxf6 48. Rxf6 Nd4 49. h4 Rxd3 50. Rg6 Rd1+ 51. Kb2 Rd2+ 52. Kb1 Ne2
53. Ra6 Nc3+ 54. Kc1 Rxa2 55. Rxa2 Nxa2+ 56. Kb2 Nc3 57. h5 Ne4 58. h6 Nf6 59.
Kc2 Kd4 60. Kd2 Nh7 61. Kc2 Ke3 62. Kb2 Kd3 63. Kb1 Kc3 64. Ka1 Kxb3 65. Kb1 Ka3
66. Ka1 b3 0-1

[Event "Dutch League 2023-24"]
[Site "Netherlands NED"]
[Date "2023.11.04"]
[Round "3.8"]
[White "De Jong, Jan-Willem"]
[Black "Zwirs, Nico"]
[Result "0-1"]
[WhiteTitle "IM"]
[BlackTitle "IM"]
[WhiteElo "2408"]
[BlackElo "2480"]
[WhiteTeam "LSG IntelliMagic"]
[BlackTeam "AMEVO Apeldoorn"]
[WhiteFideId "1008641"]
[BlackFideId "1036432"]
[EventDate "2023.09.16"]
[EventType "team"]

1. c4 e6 2. g3 d5 3. Bg2 Nf6 4. Nf3 dxc4 5. Qa4+ Nbd7 6. Qxc4 c5 7. Qb3 Rb8 8.
a4 b6 9. d3 Bd6 10. O-O O-O 11. Nc3 a6 12. Nd2 Bb7 13. Bxb7 Rxb7 14. Qc4 Ra7 15.
Qb3 Ne5 16. Nde4 Nxe4 17. Nxe4 Be7 18. Be3 Nc6 19. Rfc1 Kh8 20. Nd2 Na5 21. Qd1
Bf6 22. Rab1 Nc6 23. Nc4 Be7 24. Qf1 a5 25. Qg2 Nb4 26. Bd2 Nd5 27. Rd1 Ra6 28.
Ra1 Qb8 29. Rdc1 Kg8 30. Bc3 Rc8 31. Qf3 Ra7 32. Kg2 Bf8 33. Rc2 Rd7 34. h4 Qc7
35. Ne5 Rdd8 36. Nc4 Rd7 37. e4 Nb4 38. Bxb4 axb4 39. a5 bxa5 40. Rxa5 Rcd8 41.
Rb5 Rxd3 42. Ne3 Qa7 43. e5 R3d7 44. Qc6 Rc7 45. Qf3 Rdc8 46. b3 Qa6 47. Qe2 Rd7
48. Kh2 Rcd8 49. Ra2 Qc6 50. Rba5 Rd3 51. Rb2 Qe4 52. Ra7 Qxe5 53. Qf3 Qxb2 0-1

[Event "Dutch League 2023-24"]
[Site "Netherlands NED"]
[Date "2023.11.04"]
[Round "3.9"]
[White "Van der Elburg, Freddie"]
[Black "Pijpers, Arthur"]
[Result "0-1"]
[BlackTitle "IM"]
[WhiteElo "2258"]
[BlackElo "2466"]
[WhiteTeam "AMEVO Apeldoorn"]
[BlackTeam "LSG IntelliMagic"]
[WhiteFideId "1007904"]
[BlackFideId "1019554"]
[EventDate "2023.09.16"]
[EventType "team"]

1. c4 g6 2. g3 Bg7 3. Bg2 c5 4. Nc3 Nf6 5. Nf3 d5 6. cxd5 Nxd5 7. O-O Nc6 8. Qb3
Nc7 9. d3 O-O 10. Be3 Ne6 11. Rac1 Rb8 12. Ne4 b6 13. Rfd1 Bb7 14. a3 Qd7 15.
Bh3 Ned4 16. Bxd7 Nxb3 17. Rc2 e6 18. Ned2 Nxd2 19. Bxd2 Rbd8 20. Bxc6 Bxc6 21.
Rb1 Bxf3 22. exf3 Rxd3 23. b4 c4 24. a4 c3 25. Be3 Rfd8 26. a5 Rd1+ 27. Rxd1
Rxd1+ 28. Kg2 bxa5 29. bxa5 a6 30. f4 Rd5 31. Bb6 Kf8 32. Kf3 Ke7 33. Ra2 Rd2
34. Ra4 c2 35. Rc4 Bb2 0-1